000 00739nam a2200205 i 4500
001 81609
003 ES-MaACL
005 20230906174455.0
007 t|
008 041105s1932 fr ||||1| fre d
100 1 _aHubert, Henri.
_964497
245 1 4 _aLes celtes et l'expansion celtique pisqu'a l'époque de La Téne /
_cpar Henri Hubert.
260 _aParis :
_bLa Renaissance du Livre,
_c1932 (
_eCorbeil :
_fCrété)
300 _aXXVI, 404 p., 12 map. :
_bil. ;
_c20 cm.
490 1 _aBibliothéque de Synthése Historique. L'Évolution de l'Humanité
650 4 _aCeltas.
_9153293
830 0 _aBibliothéque de Synthése Historique. L'Évolution de l'Humanité
_9183712
852 _aES-MaACL
_jA-778
999 _c81609
_d81609